000
00325nam a2200133Ia 4500
008
210312s9999||||xx |||||||||||||| ||und||
041
_a
osm
050
_a
PL234
050
_b
O86.D58
100
_a
Nevres, Osman
245
0
_a
Divan-ı Nevres
260
_c
1874
650
_a
Edebiyat--Türk edebiyatı--Divan edebiyatı--Şiir
999
_c
21889
_d
21889